000 00697nam a2200205Ii 4500
003 JO-AjNU
008 230605s9999||||xx |||||||||||||| ||und||
017 _a2009/11/4735
040 _aJO-AjNU
_bara
_erda
_cJO-AjNU
041 _aara
050 1 4 _aB741.Z2 2009
100 3 _aمحمود،زكي نجيب ,
_eauthor
_923084
245 0 0 _aتجديد الفكر العربي
264 3 1 _aعمان:منشورات وزارة الثقافة عمان-الاردن،د.ت
300 _a386ص
336 _atext
_btxt
_2rdacontent
337 _aunmediated
_bn
_2rdamedia
338 _avolume
_bnc
_2rdacarrier
650 4 _aعالم عربي - حياة فكرية-عالم عربي - حضارة
_923085
999 _aA8296
_c11864
_d11864